000 00680nam a2200265Ia 4500
005 20260121165542.0
008 008 260114s9999 xx 000 0 eng d
020 _a9783319481760
037 _aEBOOK
040 _aCRL
040 _beng
040 _cCRL
041 _2eng
041 _aeng
084 _qCRL
100 _aDon Donaldson, Benny Raahauge
_91053125
245 0 _aEssential Readings in Light Metals, Volume 1, Alumina and Bauxite
260 _bSpringer
260 _bSpringer
260 _c2016
856 _uhttps://link.springer.com/openurl?genre=book&isbn=978-3-319-48176-0
942 _cEBOOK
999 _c1618851
_d1618851